[Event "Chelyabinskiy variant-A 2021"]
[Site "Chelyabinsk"]
[Date "2021.03.27"]
[Round "5.11"]
[White "Azarov, Sergei"]
[Black "Kostenko, Petr"]
[Result "1-0"]
[WhiteElo "2604"]
[BlackElo "2418"]
[Annotator "ChessBase"]
[PlyCount "59"]
[EventDate "2021.03.23"]
[EventType "swiss"]
[EventCountry "RUS"]
[SourceTitle "playchess.com"]
[Source "ChessBase"]
[SourceQuality "1"]
[TimeControl "5400+30"]

1. e4 {[%emt 0:00:00]} e6 {[%emt 0:00:00]} 2. d4 {[%emt 0:00:00]} d5 {[%emt 0:00:00]} 3. Nd2 {[%emt 0:00:00]} c5 {[%emt 0:00:00]} 4. Ngf3 {[%emt 0:00:07]} cxd4 {[%emt 0:00:00]} 5. Nxd4 {[%emt 0:00:12]} Nc6 {[%emt 0:00:04]} 6. Bb5 {[%emt 0:00:23]} Bd7 {[%emt 0:00:07]} 7. Nxc6 {[%emt 0:00:10]} bxc6 {[%emt 0:00:08]} 8. Bd3 {[%emt 0:00:13]} Qc7 {[%emt 0:00:04]} 9. Qe2 {[%emt 0:01:02]} Ne7 {[%emt 0:00:05]} 10. b3 {[%emt 0:01:03]} Ng6 {[%emt 0:00:32]} 11. g3 {[%emt 0:00:28]} Ne5 {[%emt 0:28:07]} 12. Bb2 {[%emt 0:05:49]} Bd6 {[%emt 0:03:41]} 13. O-O {[%emt 0:03:21]} O-O {[%emt 0:00:07]} 14. c4 {[%emt 0:01:32]} dxc4 {[%emt 0:17:32]} 15. Nxc4 {[%emt 0:02:27]} Nxc4 {[%emt 0:00:11]} 16. Bxc4 {[%emt 0:00:10]} c5 {[%emt 0:00:27]} 17. f4 {[%emt 0:06:04]} Rfd8 {[%emt 0:13:53]} 18. Qg4 {[%emt 0:04:23]} Bf8 {[%emt 0:00:08]} 19. f5 {[%emt 0:06:53]} e5 {[%emt 0:05:42]} 20. Qh5 {[%emt 0:05:37]} Bc6 {[%emt 0:00:19]} 21. Bxe5 {[%emt 0:01:23]} Qb7 {[%emt 0:00:21]} 22. Rf4 {[%emt 0:05:56]} Re8 {[%emt 0:11:36]} 23. Bxg7 {[%emt 0:07:39]} Bxg7 {[%emt 0:05:24]} 24. f6 {[%emt 0:00:31]} Bxe4 {[%emt 0:04:17]} 25. Rg4 {[%emt 0:02:50]} Kh8 {[%emt 0:03:00]} 26. fxg7+ {[%emt 0:01:47]} Kg8 {[%emt 0:00:04]} 27. Rf1 {[%emt 0:03:13]} Re7 {[%emt 0:01:00]} 28. Rxe4 {[%emt 0:00:40]} Qxe4 {[%emt 0:00:25]} 29. Bxf7+ {[%emt 0:00:20]} Kxg7 {[%emt 0:00:05]} 30. Qg5+ {[%emt 0:00:08]} 1-0

[Event "Chelyabinskiy variant-A 2021"]
[Site "Chelyabinsk"]
[Date "2021.03.27"]
[Round "5.12"]
[White "Harutjunyan, Gevorg"]
[Black "Petrov, Nikita"]
[Result "1/2-1/2"]
[WhiteElo "2439"]
[BlackElo "2571"]
[Annotator "ChessBase"]
[PlyCount "90"]
[EventDate "2021.03.23"]
[EventType "swiss"]
[EventCountry "RUS"]
[SourceTitle "playchess.com"]
[Source "ChessBase"]
[SourceQuality "1"]
[TimeControl "5400+30"]

1. e4 {[%emt 0:00:00]} c5 {[%emt 0:00:00]} 2. Nf3 {[%emt 0:00:00]} Nc6 {[%emt 0:00:01]} 3. d4 {[%emt 0:00:35]} cxd4 {[%emt 0:00:10]} 4. Nxd4 {[%emt 0:00:05]} e6 {[%emt 0:00:41]} 5. Nc3 {[%emt 0:00:20]} Qc7 {[%emt 0:00:08]} 6. Be3 {[%emt 0:01:25]} a6 {[%emt 0:00:12]} 7. a3 {[%emt 0:03:34]} b5 {[%emt 0:06:05]} 8. Nxc6 {[%emt 0:03:54]} Qxc6 {[%emt 0:00:54]} 9. Be2 {[%emt 0:04:50]} Bb7 {[%emt 0:02:55]} 10. Qd4 {[%emt 0:11:42]} Rc8 {[%emt 0:04:49]} 11. O-O {[%emt 0:03:12]} Nf6 {[%emt 0:11:21]} 12. Bf3 {[%emt 0:05:30]} Bc5 {[%emt 0:03:32]} 13. Qd3 {[%emt 0:00:20]} e5 {[%emt 0:06:46]} 14. a4 {[%emt 0:05:15]} b4 {[%emt 0:09:29]} 15. Nd5 {[%emt 0:00:07]} Nxd5 {[%emt 0:01:07]} 16. exd5 {[%emt 0:00:24]} Qd6 {[%emt 0:01:00]} 17. Rfe1 {[%emt 0:12:28]} O-O {[%emt 0:02:33]} 18. Bxc5 {[%emt 0:01:11]} Rxc5 {[%emt 0:03:58]} 19. Qe4 {[%emt 0:01:47]} a5 {[%emt 0:02:14]} 20. Qxe5 {[%emt 0:02:17]} Qxe5 {[%emt 0:03:49]} 21. Rxe5 {[%emt 0:00:18]} d6 {[%emt 0:03:44]} 22. Re7 {[%emt 0:04:22]} Bxd5 {[%emt 0:00:36]} 23. Bxd5 {[%emt 0:00:14]} Rxd5 {[%emt 0:00:03]} 24. Rae1 {[%emt 0:00:27]} Rc5 {[%emt 0:04:11]} 25. R1e2 {[%emt 0:01:45]} g6 {[%emt 0:02:30]} 26. Kf1 {[%emt 0:02:29]} Rfc8 {[%emt 0:02:04]} 27. Re8+ {[%emt 0:00:18]} Rxe8 {[%emt 0:00:03]} 28. Rxe8+ {[%emt 0:00:05]} Kg7 {[%emt 0:00:02]} 29. Re2 {[%emt 0:00:12]} Kf6 {[%emt 0:00:43]} 30. Ke1 {[%emt 0:01:59]} Rh5 {[%emt 0:04:27]} 31. h3 {[%emt 0:02:03]} Rg5 {[%emt 0:00:31]} 32. g3 {[%emt 0:04:21]} Rh5 {[%emt 0:01:07]} 33. Rd2 {[%emt 0:00:34]} Ke6 {[%emt 0:02:01]} 34. Re2+ {[%emt 0:00:21]} Re5 {[%emt 0:09:35]} 35. f4 {[%emt 0:06:16]} Rxe2+ {[%emt 0:00:15]} 36. Kxe2 {[%emt 0:00:03]} Kd5 {[%emt 0:01:05]} 37. Kd3 {[%emt 0:02:55]} f5 {[%emt 0:04:09]} 38. b3 {[%emt 0:04:10]} Kc5 {[%emt 0:04:00]} 39. Ke3 {[%emt 0:00:31]} d5 {[%emt 0:02:13]} 40. Kd3 {[%emt 0:00:22]} d4 {[%emt 0:01:29]} 41. Ke2 {[%emt 0:00:26]} Kd5 {[%emt 0:00:18]} 42. Kd3 {[%emt 0:00:13]} h6 {[%emt 0:00:22]} 43. h4 {[%emt 0:00:25]} h5 {[%emt 0:00:25]} 44. Kd2 {[%emt 0:00:09]} Ke4 {[%emt 0:00:37]} 45. Ke2 {[%emt 0:00:06]} Kd5 {[%emt 0:00:13]} 1/2-1/2

[Event "Chelyabinskiy variant-A 2021"]
[Site "Chelyabinsk"]
[Date "2021.03.27"]
[Round "5.13"]
[White "Afanasiev, Nikita"]
[Black "Remizov, Yaroslav"]
[Result "1/2-1/2"]
[WhiteElo "2519"]
[BlackElo "2411"]
[Annotator "ChessBase"]
[PlyCount "78"]
[EventDate "2021.03.23"]
[EventType "swiss"]
[EventCountry "RUS"]
[SourceTitle "playchess.com"]
[Source "ChessBase"]
[SourceQuality "1"]
[TimeControl "5400+30"]

1. e4 {[%emt 0:10:20]} c6 {[%emt 0:00:03]} 2. d4 {[%emt 0:00:22]} d5 {[%emt 0:00:04]} 3. e5 {[%emt 0:00:03]} c5 {[%emt 0:00:07]} 4. dxc5 {[%emt 0:00:04]} e6 {[%emt 0:00:05]} 5. Nf3 {[%emt 0:00:27]} Bxc5 {[%emt 0:00:49]} 6. Bd3 {[%emt 0:02:53]} Ne7 {[%emt 0:00:44]} 7. Nbd2 {[%emt 0:01:58]} Nbc6 {[%emt 0:03:03]} 8. Nb3 {[%emt 0:07:20]} Bb6 {[%emt 0:00:57]} 9. O-O {[%emt 0:00:33]} Ng6 {[%emt 0:03:27]} 10. Re1 {[%emt 0:01:27]} Bd7 {[%emt 0:03:30]} 11. Qe2 {[%emt 0:21:33]} O-O {[%emt 0:12:09]} 12. Bg5 {[%emt 0:15:32]} Qb8 {[%emt 0:09:21]} 13. Bxg6 {[%emt 0:13:54]} fxg6 {[%emt 0:00:10]} 14. c4 {[%emt 0:00:21]} h6 {[%emt 0:07:28]} 15. c5 {[%emt 0:10:42]} Bc7 {[%emt 0:03:58]} 16. Bh4 {[%emt 0:02:43]} a5 {[%emt 0:12:53]} 17. Bg3 {[%emt 0:00:34]} a4 {[%emt 0:02:02]} 18. Nbd4 {[%emt 0:00:11]} Ra5 {[%emt 0:00:08]} 19. Rac1 {[%emt 0:01:08]} Bd8 {[%emt 0:03:37]} 20. b3 {[%emt 0:04:47]} g5 {[%emt 0:05:43]} 21. h3 {[%emt 0:00:37]} axb3 {[%emt 0:01:42]} 22. Nxb3 {[%emt 0:02:21]} Ra4 {[%emt 0:00:17]} 23. Rb1 {[%emt 0:00:22]} Qa7 {[%emt 0:03:13]} 24. Rb2 {[%emt 0:00:06]} Be8 {[%emt 0:00:18]} 25. Qd3 {[%emt 0:01:14]} Ra3 {[%emt 0:05:08]} 26. Qb1 {[%emt 0:00:14]} Qa4 {[%emt 0:09:51]} 27. Rd2 {[%emt 0:00:10]} g4 {[%emt 0:03:55]} 28. Nfd4 {[%emt 0:00:16]} Nxd4 {[%emt 0:02:59]} 29. Rxd4 {[%emt 0:00:15]} Rxb3 {[%emt 0:00:22]} 30. Rxa4 {[%emt 0:01:58]} Rxb1 {[%emt 0:00:05]} 31. Rxb1 {[%emt 0:00:02]} Bxa4 {[%emt 0:00:03]} 32. Rxb7 {[%emt 0:00:03]} gxh3 {[%emt 0:01:12]} 33. Ra7 {[%emt 0:00:04]} Bc2 {[%emt 0:02:04]} 34. c6 {[%emt 0:00:47]} Bb6 {[%emt 0:00:42]} 35. Rb7 {[%emt 0:00:17]} d4 {[%emt 0:00:19]} 36. Rxb6 {[%emt 0:01:51]} d3 {[%emt 0:00:04]} 37. Bf4 {[%emt 0:00:28]} Rxf4 {[%emt 0:00:03]} 38. Rb8+ {[%emt 0:00:29]} Kf7 {[%emt 0:00:20]} 39. c7 {[%emt 0:00:22]} Rc4 {[%emt 0:00:03]} 1/2-1/2

[Event "Chelyabinskiy variant-A 2021"]
[Site "Chelyabinsk"]
[Date "2021.03.28"]
[Round "6.1"]
[White "Shuvalova, Polina"]
[Black "Shomoev, Anton"]
[Result "1/2-1/2"]
[WhiteElo "2476"]
[BlackElo "2563"]
[Annotator "ChessBase"]
[PlyCount "83"]
[EventDate "2021.03.23"]
[EventType "swiss"]
[EventCountry "RUS"]
[SourceTitle "playchess.com"]
[Source "ChessBase"]
[SourceQuality "1"]
[TimeControl "5400+30"]

1. d4 {[%emt 0:00:00]} Nf6 {[%emt 0:01:28]} 2. c4 {[%emt 0:00:00]} g6 {[%emt 0:00:08]} 3. Nc3 {[%emt 0:00:00]} Bg7 {[%emt 0:00:08]} 4. e4 {[%emt 0:00:00]} d6 {[%emt 0:00:02]} 5. Nf3 {[%emt 0:00:02]} O-O {[%emt 0:00:07]} 6. Be2 {[%emt 0:00:05]} c6 {[%emt 0:00:18]} 7. O-O {[%emt 0:00:14]} e5 {[%emt 0:00:02]} 8. dxe5 {[%emt 0:00:17]} dxe5 {[%emt 0:00:03]} 9. Nxe5 {[%emt 0:00:12]} Nxe4 {[%emt 0:00:08]} 10. Nxe4 {[%emt 0:00:07]} Bxe5 {[%emt 0:00:02]} 11. Bg5 {[%emt 0:00:08]} Qxd1 {[%emt 0:00:03]} 12. Rfxd1 {[%emt 0:00:09]} Nd7 {[%emt 0:00:23]} 13. Nd6 {[%emt 0:07:01]} Nf6 {[%emt 0:00:17]} 14. Bf3 {[%emt 0:00:39]} Kg7 {[%emt 0:01:05]} 15. Rd2 {[%emt 0:10:51]} h6 {[%emt 0:00:17]} 16. Be3 {[%emt 0:01:07]} Ng4 {[%emt 0:00:09]} 17. Bxg4 {[%emt 0:07:48]} Bxg4 {[%emt 0:00:47]} 18. h3 {[%emt 0:06:33]} Be6 {[%emt 0:26:48]} 19. Nxb7 {[%emt 0:02:10]} Bxc4 {[%emt 0:02:49]} 20. Na5 {[%emt 0:01:20]} Bd5 {[%emt 0:00:12]} 21. Rc1 {[%emt 0:00:49]} Rfc8 {[%emt 0:07:13]} 22. b3 {[%emt 0:02:01]} Bd6 {[%emt 0:08:36]} 23. Rd4 {[%emt 0:05:24]} g5 {[%emt 0:10:38]} 24. h4 {[%emt 0:04:46]} Ba3 {[%emt 0:04:17]} 25. Rc2 {[%emt 0:01:42]} Be7 {[%emt 0:00:12]} 26. hxg5 {[%emt 0:02:08]} hxg5 {[%emt 0:00:42]} 27. f3 {[%emt 0:03:31]} f6 {[%emt 0:04:18]} 28. Kf2 {[%emt 0:00:29]} Bd8 {[%emt 0:00:49]} 29. Nb7 {[%emt 0:05:02]} Bb6 {[%emt 0:00:42]} 30. Ra4 {[%emt 0:01:08]} Re8 {[%emt 0:01:20]} 31. Bc5 {[%emt 0:06:06]} Kg6 {[%emt 0:04:31]} 32. Ra6 {[%emt 0:06:39]} Rab8 {[%emt 0:02:07]} 33. Na5 {[%emt 0:02:19]} Re6 {[%emt 0:02:39]} 34. Bxb6 {[%emt 0:05:14]} axb6 {[%emt 0:00:07]} 35. Nc4 {[%emt 0:00:09]} Bxc4 {[%emt 0:02:18]} 36. Rxc4 {[%emt 0:00:13]} Rd8 {[%emt 0:00:37]} 37. Rc2 {[%emt 0:02:36]} c5 {[%emt 0:00:01]} 38. Re2 {[%emt 0:02:41]} Rdd6 {[%emt 0:03:14]} 39. a4 {[%emt 0:00:39]} Kf7 {[%emt 0:00:55]} 40. Ra7+ {[%emt 0:01:02]} Kg6 {[%emt 0:00:06]} 41. Ra6 {[%emt 0:01:41]} Kf7 {[%emt 0:00:05]} 42. Ra7+ {[%emt 0:00:09]} 1/2-1/2

[Event "Chelyabinskiy variant-A 2021"]
[Site "Chelyabinsk"]
[Date "2021.03.28"]
[Round "6.2"]
[White "Girya, Olga"]
[Black "Frolyanov, Dmitry"]
[Result "1/2-1/2"]
[WhiteElo "2432"]
[BlackElo "2542"]
[Annotator "ChessBase"]
[PlyCount "109"]
[EventDate "2021.03.23"]
[EventType "swiss"]
[EventCountry "RUS"]
[SourceTitle "playchess.com"]
[Source "ChessBase"]
[SourceQuality "1"]
[TimeControl "5400+30"]

1. d4 {[%emt 0:07:12]} Nf6 {[%emt 0:00:00]} 2. c4 {[%emt 0:00:21]} e6 {[%emt 0:00:00]} 3. Nf3 {[%emt 0:00:06]} d5 {[%emt 0:00:00]} 4. Nc3 {[%emt 0:00:17]} Bb4 {[%emt 0:00:00]} 5. Qa4+ {[%emt 0:00:36]} Nc6 {[%emt 0:00:10]} 6. e3 {[%emt 0:00:10]} O-O {[%emt 0:00:19]} 7. Qc2 {[%emt 0:00:10]} Re8 {[%emt 0:00:18]} 8. Bd2 {[%emt 0:03:41]} Bf8 {[%emt 0:00:28]} 9. a3 {[%emt 0:01:14]} e5 {[%emt 0:00:22]} 10. dxe5 {[%emt 0:00:33]} Nxe5 {[%emt 0:00:17]} 11. cxd5 {[%emt 0:01:02]} Nxf3+ {[%emt 0:00:33]} 12. gxf3 {[%emt 0:00:06]} Nxd5 {[%emt 0:00:19]} 13. Bd3 {[%emt 0:01:30]} Nxc3 {[%emt 0:02:37]} 14. Bxc3 {[%emt 0:00:20]} Qh4 {[%emt 0:00:09]} 15. O-O-O {[%emt 0:00:29]} g6 {[%emt 0:00:16]} 16. Rhg1 {[%emt 0:04:22]} Qh5 {[%emt 0:38:02]} 17. Qa4 {[%emt 0:07:20]} Rd8 {[%emt 0:06:01]} 18. Qf4 {[%emt 0:07:51]} Rd6 {[%emt 0:09:35]} 19. Bc4 {[%emt 0:29:39]} Qf5 {[%emt 0:04:09]} 20. Rxd6 {[%emt 0:02:02]} Qxf4 {[%emt 0:02:36]} 21. Rdxg6+ {[%emt 0:02:54]} hxg6 {[%emt 0:00:06]} 22. exf4 {[%emt 0:00:13]} Bf5 {[%emt 0:00:26]} 23. Bd5 {[%emt 0:04:29]} Bd6 {[%emt 0:06:04]} 24. Be5 {[%emt 0:02:28]} Re8 {[%emt 0:01:09]} 25. Bxd6 {[%emt 0:00:26]} cxd6 {[%emt 0:00:07]} 26. Kd2 {[%emt 0:01:19]} Re7 {[%emt 0:00:44]} 27. Re1 {[%emt 0:10:20]} Rc7 {[%emt 0:00:28]} 28. Re8+ {[%emt 0:03:09]} Kg7 {[%emt 0:00:12]} 29. Ra8 {[%emt 0:00:29]} b6 {[%emt 0:01:13]} 30. Ke3 {[%emt 0:05:24]} Bc8 {[%emt 0:01:05]} 31. b4 {[%emt 0:00:54]} Kf6 {[%emt 0:00:20]} 32. a4 {[%emt 0:01:04]} Bd7 {[%emt 0:04:24]} 33. a5 {[%emt 0:00:40]} bxa5 {[%emt 0:01:00]} 34. bxa5 {[%emt 0:00:00]} Be6 {[%emt 0:02:41]} 35. Be4 {[%emt 0:00:27]} Bc8 {[%emt 0:01:19]} 36. Kd4 {[%emt 0:00:52]} Ke7 {[%emt 0:00:51]} 37. h4 {[%emt 0:01:15]} Kf6 {[%emt 0:01:54]} 38. Bd3 {[%emt 0:00:46]} Bf5 {[%emt 0:00:29]} 39. Be4 {[%emt 0:00:30]} Bc8 {[%emt 0:00:06]} 40. Bd3 {[%emt 0:01:17]} Bf5 {[%emt 0:00:09]} 41. Bxf5 {[%emt 0:01:23]} Kxf5 {[%emt 0:00:18]} 42. a6 {[%emt 0:00:30]} Kxf4 {[%emt 0:00:34]} 43. Rb8 {[%emt 0:00:22]} Rc1 {[%emt 0:03:53]} 44. Rb7 {[%emt 0:00:18]} f5 {[%emt 0:00:05]} 45. Rxa7 {[%emt 0:00:06]} Ra1 {[%emt 0:00:06]} 46. Kc4 {[%emt 0:01:10]} Kxf3 {[%emt 0:00:23]} 47. Kb5 {[%emt 0:00:08]} Rb1+ {[%emt 0:01:49]} 48. Kc6 {[%emt 0:00:06]} Ra1 {[%emt 0:00:17]} 49. Kb6 {[%emt 0:01:02]} Rb1+ {[%emt 0:00:29]} 50. Kc6 {[%emt 0:00:53]} Ra1 {[%emt 0:00:06]} 51. Kb6 {[%emt 0:00:47]} Rb1+ {[%emt 0:00:07]} 52. Kc7 {[%emt 0:00:30]} Ra1 {[%emt 0:00:35]} 53. Kb6 {[%emt 0:00:38]} Rb1+ {[%emt 0:00:12]} 54. Kc7 {[%emt 0:00:05]} Ra1 {[%emt 0:00:05]} 55. Kb6 {[%emt 0:00:51]} 1/2-1/2

[Event "Chelyabinskiy variant-A 2021"]
[Site "Chelyabinsk"]
[Date "2021.03.28"]
[Round "6.3"]
[White "Makarian, Rudik"]
[Black "Fedorov, Alexei"]
[Result "1/2-1/2"]
[WhiteElo "2458"]
[BlackElo "2529"]
[Annotator "ChessBase"]
[PlyCount "91"]
[EventDate "2021.03.23"]
[EventType "swiss"]
[EventCountry "RUS"]
[SourceTitle "playchess.com"]
[Source "ChessBase"]
[SourceQuality "1"]
[TimeControl "5400+30"]

1. d4 {[%emt 0:00:00]} Nf6 {[%emt 0:00:00]} 2. c4 {[%emt 0:00:00]} g6 {[%emt 0:00:00]} 3. Nc3 {[%emt 0:00:00]} Bg7 {[%emt 0:00:00]} 4. e4 {[%emt 0:00:00]} d6 {[%emt 0:00:02]} 5. Be2 {[%emt 0:00:00]} O-O {[%emt 0:00:10]} 6. Be3 {[%emt 0:00:00]} c6 {[%emt 0:02:53]} 7. Nf3 {[%emt 0:00:06]} e5 {[%emt 0:00:10]} 8. d5 {[%emt 0:00:04]} Ng4 {[%emt 0:00:17]} 9. Bg5 {[%emt 0:00:08]} f6 {[%emt 0:00:05]} 10. Bc1 {[%emt 0:00:23]} c5 {[%emt 0:03:54]} 11. h3 {[%emt 0:27:20]} Nh6 {[%emt 0:00:10]} 12. g4 {[%emt 0:00:01]} Nf7 {[%emt 0:01:42]} 13. Rg1 {[%emt 0:00:02]} Bh6 {[%emt 0:00:47]} 14. Bxh6 {[%emt 0:00:03]} Nxh6 {[%emt 0:00:05]} 15. Qd2 {[%emt 0:00:01]} Nf7 {[%emt 0:02:16]} 16. O-O-O {[%emt 0:00:52]} Ng5 {[%emt 0:15:09]} 17. Rg3 {[%emt 0:05:16]} Nxf3 {[%emt 0:00:09]} 18. Bxf3 {[%emt 0:00:13]} Na6 {[%emt 0:00:08]} 19. h4 {[%emt 0:01:07]} Bd7 {[%emt 0:00:43]} 20. Be2 {[%emt 0:17:26]} Nc7 {[%emt 0:12:40]} 21. Rdg1 {[%emt 0:00:13]} Qe7 {[%emt 0:01:15]} 22. g5 {[%emt 0:06:58]} fxg5 {[%emt 0:13:42]} 23. Rxg5 {[%emt 0:00:32]} Kh8 {[%emt 0:09:31]} 24. Qe3 {[%emt 0:18:36]} Rf4 {[%emt 0:07:31]} 25. Qg3 {[%emt 0:01:59]} Rg8 {[%emt 0:07:09]} 26. h5 {[%emt 0:04:01]} Be8 {[%emt 0:02:31]} 27. Rf5 {[%emt 0:07:16]} g5 {[%emt 0:07:24]} 28. Rxg5 {[%emt 0:00:03]} Rxg5 {[%emt 0:00:08]} 29. Qxg5 {[%emt 0:00:03]} Qxg5 {[%emt 0:00:05]} 30. Rxg5 {[%emt 0:00:02]} Rxf2 {[%emt 0:00:28]} 31. Rf5 {[%emt 0:00:57]} Rf4 {[%emt 0:04:57]} 32. Rxf4 {[%emt 0:01:14]} exf4 {[%emt 0:00:04]} 33. Bg4 {[%emt 0:00:21]} Na8 {[%emt 0:02:19]} 34. h6 {[%emt 0:06:35]} Nb6 {[%emt 0:00:33]} 35. b3 {[%emt 0:00:00]} a6 {[%emt 0:03:56]} 36. Ne2 {[%emt 0:03:02]} Bg6 {[%emt 0:01:20]} 37. Bf3 {[%emt 0:00:21]} Nd7 {[%emt 0:00:09]} 38. Nxf4 {[%emt 0:00:09]} Ne5 {[%emt 0:00:08]} 39. Bg2 {[%emt 0:00:25]} Kg8 {[%emt 0:00:36]} 40. Kd2 {[%emt 0:01:01]} Kf7 {[%emt 0:00:20]} 41. Bh3 {[%emt 0:00:48]} Bxe4 {[%emt 0:00:44]} 42. Bc8 {[%emt 0:00:08]} a5 {[%emt 0:00:35]} 43. Bxb7 {[%emt 0:01:20]} Ng4 {[%emt 0:02:04]} 44. Kc3 {[%emt 0:00:40]} Nxh6 {[%emt 0:00:29]} 45. Ne6 Ng4 46. Kd2 1/2-1/2

[Event "Chelyabinskiy variant-A 2021"]
[Site "Chelyabinsk"]
[Date "2021.03.28"]
[Round "6.4"]
[White "Bryakin, Mikhail"]
[Black "Drygalov, Andrey"]
[Result "0-1"]
[WhiteElo "2464"]
[BlackElo "2500"]
[Annotator "ChessBase"]
[PlyCount "150"]
[EventDate "2021.03.23"]
[EventType "swiss"]
[EventCountry "RUS"]
[SourceTitle "playchess.com"]
[Source "ChessBase"]
[SourceQuality "1"]
[TimeControl "5400+30"]

1. c4 {[%emt 0:00:00]} Nf6 {[%emt 0:03:11]} 2. Nc3 {[%emt 0:00:00]} e5 {[%emt 0:01:47]} 3. g3 {[%emt 0:00:07]} Bb4 {[%emt 0:00:36]} 4. Bg2 {[%emt 0:00:24]} O-O {[%emt 0:00:30]} 5. e3 {[%emt 0:03:07]} Bxc3 {[%emt 0:00:31]} 6. bxc3 {[%emt 0:00:51]} d6 {[%emt 0:05:29]} 7. Ne2 {[%emt 0:01:37]} e4 {[%emt 0:02:37]} 8. f3 {[%emt 0:06:51]} exf3 {[%emt 0:02:31]} 9. Bxf3 {[%emt 0:00:15]} Nc6 {[%emt 0:00:18]} 10. d3 {[%emt 0:02:09]} Re8 {[%emt 0:09:42]} 11. e4 {[%emt 0:06:24]} Bg4 {[%emt 0:14:23]} 12. Bxg4 {[%emt 0:06:27]} Nxg4 {[%emt 0:00:11]} 13. Nd4 {[%emt 0:00:18]} Nxd4 {[%emt 0:04:03]} 14. cxd4 {[%emt 0:03:53]} Qf6 {[%emt 0:04:23]} 15. Qe2 {[%emt 0:06:35]} Qxd4 {[%emt 0:00:18]} 16. Bb2 {[%emt 0:00:15]} Qe3 {[%emt 0:00:13]} 17. Qxe3 {[%emt 0:00:28]} Nxe3 {[%emt 0:00:04]} 18. Kd2 {[%emt 0:00:27]} Ng4 {[%emt 0:00:05]} 19. Rab1 {[%emt 0:00:49]} b6 {[%emt 0:00:18]} 20. Bc3 {[%emt 0:00:44]} Ne5 {[%emt 0:01:08]} 21. Rhf1 {[%emt 0:06:02]} Re6 {[%emt 0:01:06]} 22. Rf5 {[%emt 0:00:34]} Rae8 {[%emt 0:01:01]} 23. a4 {[%emt 0:01:46]} a5 {[%emt 0:03:12]} 24. Rb5 {[%emt 0:03:19]} Nd7 {[%emt 0:01:44]} 25. Bd4 {[%emt 0:00:23]} Rh6 {[%emt 0:00:14]} 26. h4 {[%emt 0:01:57]} Rg6 {[%emt 0:00:34]} 27. Rf3 {[%emt 0:02:57]} Rge6 {[%emt 0:08:18]} 28. Rff5 {[%emt 0:04:39]} f6 {[%emt 0:04:23]} 29. Rf2 {[%emt 0:02:34]} Kf7 {[%emt 0:00:10]} 30. Rff5 {[%emt 0:01:03]} Ne5 {[%emt 0:01:41]} 31. Rf1 {[%emt 0:02:08]} Ke7 {[%emt 0:00:33]} 32. Rf5 {[%emt 0:01:37]} Rh8 {[%emt 0:00:30]} 33. Rf1 {[%emt 0:03:41]} h5 {[%emt 0:01:22]} 34. Be3 {[%emt 0:02:16]} Kd7 {[%emt 0:02:05]} 35. Rf5 {[%emt 0:00:36]} g6 {[%emt 0:01:05]} 36. Rf1 {[%emt 0:00:17]} Rf8 {[%emt 0:00:19]} 37. Rbb1 {[%emt 0:08:44]} Ng4 {[%emt 0:00:58]} 38. Bd4 {[%emt 0:00:27]} Re7 {[%emt 0:00:19]} 39. Rf4 {[%emt 0:02:44]} Ref7 {[%emt 0:00:52]} 40. Re1 {[%emt 0:01:03]} f5 {[%emt 0:05:26]} 41. e5 {[%emt 0:01:43]} dxe5 {[%emt 0:00:11]} 42. Bxe5 {[%emt 0:00:01]} Re7 {[%emt 0:01:39]} 43. Bc3 {[%emt 0:01:05]} Rxe1 {[%emt 0:01:35]} 44. Kxe1 {[%emt 0:00:02]} Kc6 {[%emt 0:00:16]} 45. Kd2 {[%emt 0:00:58]} Nf6 {[%emt 0:01:01]} 46. Rf1 {[%emt 0:05:54]} Nd7 {[%emt 0:02:14]} 47. Re1 {[%emt 0:04:12]} Nc5 {[%emt 0:01:45]} 48. Re7 {[%emt 0:00:30]} Rd8 {[%emt 0:02:00]} 49. d4 {[%emt 0:00:08]} Rd7 {[%emt 0:09:11]} 50. Rxd7 {[%emt 0:02:28]} Ne4+ {[%emt 0:00:46]} 51. Kd3 {[%emt 0:00:36]} Kxd7 {[%emt 0:00:06]} 52. Be1 {[%emt 0:00:14]} Ke6 {[%emt 0:00:57]} 53. Ke3 {[%emt 0:00:27]} Kf6 {[%emt 0:00:10]} 54. Kf4 {[%emt 0:01:40]} Nd6 {[%emt 0:02:33]} 55. c5 {[%emt 0:00:11]} Ne4 {[%emt 0:00:06]} 56. cxb6 {[%emt 0:03:02]} cxb6 {[%emt 0:00:10]} 57. d5 {[%emt 0:00:08]} Nc5 {[%emt 0:02:45]} 58. Bc3+ {[%emt 0:00:01]} Ke7 {[%emt 0:00:27]} 59. Bd4 {[%emt 0:01:01]} Nxa4 {[%emt 0:01:00]} 60. d6+ {[%emt 0:00:01]} Kxd6 {[%emt 0:00:48]} 61. Kg5 {[%emt 0:00:02]} Kd5 {[%emt 0:00:46]} 62. Bg7 {[%emt 0:03:13]} Ke6 {[%emt 0:00:40]} 63. Kxg6 {[%emt 0:00:25]} Nc5 {[%emt 0:01:07]} 64. Bd4 {[%emt 0:01:00]} Ne4 {[%emt 0:00:54]} 65. Bxb6 {[%emt 0:00:23]} a4 {[%emt 0:00:04]} 66. Kxh5 {[%emt 0:00:58]} Kd5 {[%emt 0:00:31]} 67. Be3 {[%emt 0:00:17]} a3 {[%emt 0:00:09]} 68. Bc1 {[%emt 0:00:13]} a2 {[%emt 0:00:05]} 69. Bb2 {[%emt 0:00:01]} Nxg3+ {[%emt 0:00:12]} 70. Kg5 {[%emt 0:00:15]} Ke4 {[%emt 0:00:30]} 71. Bc3 {[%emt 0:00:41]} f4 {[%emt 0:00:08]} 72. Kg4 {[%emt 0:00:01]} Nf5 {[%emt 0:00:08]} 73. h5 {[%emt 0:00:16]} f3 {[%emt 0:00:04]} 74. Kh3 {[%emt 0:00:08]} Kd3 {[%emt 0:00:08]} 75. Bg7 {[%emt 0:00:09]} f2 {[%emt 0:00:06]} 0-1